Мистерията на мумията (Запис номер 526543)
[ съкратено ]
| 000 -Лидер | |
|---|---|
| Лидер | 00930aam a2200253 a 4500 |
| 003 - Код на организацията, давaща контролен номер | |
| Код на организацията, даваща контролен номер | BLK |
| 005 - Дата и час на последна редакция | |
| Дата и час на последна редакция | 20250728122852.0 |
| 008 - Елементи от данни с фиксирана дължина | |
| Елементи с фиксирана дължина | 180724b bul||||| |||| 00| 0 bul d |
| 020 ## - Международен стандартен номер на книга ISBN | |
| ISBN | 9786191613496 |
| 040 ## - Източник на каталожния запис | |
| Код на библиотеката | BLK |
| 041 ## - Код за език | |
| Език | Български |
| Език за КДБФ | Български |
| 080 ## - УДК | |
| УДК текст | Норвежка литература |
| УДК код | 821.113.5 |
| УДК – определител | -312.4 |
| УДК – код + определител | 821.113.5-312.4 |
| 084 ## - Класификационен индекс по друга класификация | |
| Авторски знак | Ег - Е 23 |
| 100 ## - Редна дума - Автор | |
| Автор | Егеланд, Том |
| R(LIN) | 1299 |
| 245 ## - Сведения за заглавието | |
| Заглавие | Мистерията на мумията |
| Подзаглавни данни | роман |
| Авторска отговорност | Том Егеланд ; прев. от норв. Ясна Мускова |
| 257 ## - Страна на издаване | |
| Страна на създаване/издаване | България |
| 260 ## - Област на издателските данни | |
| Място на издаване | София |
| Име на издателя | Персей |
| Година на издаване | 2025 |
| 300 ## - Физическа характеристика | |
| Брой страници | 320 с. |
| Размер | 20 см |
| 380 ## - Жанр | |
| Жанр | Худож. лит. |
| 700 ## - Други автори (авторска отговорност) | |
| 9 (RLIN) | 434830 |
| Друг автор | Мускова, Ясна |
| Авт. отговорност на др. автор | прев. от норв. |
| 942 ## - АРТИКУЛИ | |
| Вид на библиотечния документ | Книги |
| Източник на класификационната схема | Universal Decimal Classification |
| Скрит в OPAC | Не |
| Koha issues (borrowed), all copies | 12 |
| Периодичен библиозапис | Не |
| 944 ## - СЪЗДАВАНЕ И РЕДАКЦИЯ на ЗАПИСА | |
| Служител, извършил регистрацията/редакцията | 30576 |
| Създаване/Редакция | |
| Дата на регистрацията/редакция | Иваничка Йорданова |
| Номер на служител | Цветомила Тодорова |
| 999 ## - СИСТЕМНИ КОНТРОЛНИ НОМЕРА | |
| Koha biblionumber | 526543 |
| Koha biblioitemnumber | 526543 |
| Код за отписване | Код за изгубен артикул | Източник на класификационната схема | Код за повреда | Код за отдаване | Артикулен № | Име на библиотеката - собственик | Име на библиотеката, в която се намира в момента | Статус (Текущо местоположение) | Дата на вписване в системата | Местоположение - отдел | Цена в лева | Инвентарен номер | Систематично азбучна сигнатура | Баркод | Цена в евро | Служебен тип на артикула |
|---|---|---|---|---|---|---|---|---|---|---|---|---|---|---|---|---|
| Не е изгубен | Universal Decimal Classification | Не е повреден | заемане за дома | 960453 | Регионална библиотека "Любен Каравелов" Русе | Регионална библиотека "Любен Каравелов" Русе | Заемна - подръчен фонд | 2025-02-07 | Заемна - подръчен фонд | 15.00 | 120000917642 | 821-31/Е 23 Т | 120000917642 | 7.67 | Книги | |
| Не е изгубен | Universal Decimal Classification | Не е повреден | заемане за дома | 960454 | Регионална библиотека "Любен Каравелов" Русе | Регионална библиотека "Любен Каравелов" Русе | Заемна - подръчен фонд | 2025-02-07 | Заемна - подръчен фонд | 15.00 | 120000917643 | 821-31/Е 23 Т | 120000917643 | 7.67 | Книги |